000 00425pab a2200157 454500
008 180718b1997 xxu||||| |||| 00| 0 eng d
100 _aGoddard, Stephen B.
245 _aThe road to now
260 _c1997
300 _ap.30-41
362 _aSep
650 _aRailway transport - United States
650 _aRailway transport
773 _aAnnals of the American Academy of Political and Social Science
909 _a36348
999 _c36348
_d36348